|
|
|
|
| LEADER |
00000nas a2200000 i 4500 |
| 001 |
ssj0001453650 |
| 003 |
WaSeSS |
| 005 |
20200512172242.0 |
| 006 |
m d |
| 007 |
cr n |
| 008 |
140708c20159999sz uu p s 0 0eng |
| 010 |
|
|
|a 2015243083
|
| 016 |
7 |
|
|a 101636294
|2 DNLM
|
| 022 |
|
|
|a 2296-9705
|
| 035 |
|
|
|a (WaSeSS)ssj0001453650
|
| 040 |
|
|
|a NLM
|b eng
|c NLM
|d OCLCO
|d NLM
|d Z5A
|d OCLCO
|d OCLCF
|d OCLCQ
|d OCLCO
|d CUS
|d CASUM
|d OCLCA
|d AU@
|d OCLCO
|d OCLCA
|d WaSeSS
|
| 042 |
|
|
|a pcc
|
| 060 |
0 |
0 |
|a W1
|
| 210 |
1 |
0 |
|a Case Rep Nephrol Dial
|2 dnlm
|
| 245 |
0 |
0 |
|a Case reports in nephrology and dialysis
|h [electronic resource].
|
| 260 |
|
|
|a Basel :
|b Karger AG,
|c [2015]-
|
| 362 |
1 |
|
|a Began with vol. 5, no. 1 (2015).
|
| 506 |
|
|
|a License restrictions may limit access.
|
| 588 |
|
|
|a Description based on: 2015;5; title from cover image (publisher's Web site, viewed Feb. 10, 2015).
|
| 588 |
|
|
|a Latest issue consulted: 2015;5 (viewed Feb. 10, 2015).
|
| 650 |
|
0 |
|a Kidneys
|x Diseases
|v Periodicals.
|
| 650 |
|
0 |
|a Hemodialysis
|v Periodicals.
|
| 650 |
|
0 |
|a Nephrology
|v Periodicals.
|
| 650 |
1 |
2 |
|a Kidney Diseases.
|
| 650 |
1 |
2 |
|a Renal Dialysis.
|
| 650 |
|
7 |
|a Hemodialysis.
|2 fast
|0 (OCoLC)fst00955014
|
| 650 |
|
7 |
|a Kidneys
|x Diseases.
|2 fast
|0 (OCoLC)fst00987389
|
| 650 |
|
7 |
|a Nephrology.
|2 fast
|0 (OCoLC)fst01035991
|
| 655 |
|
0 |
|a Electronic journals.
|
| 710 |
2 |
|
|a European Society for Paediatric Nephrology.
|
| 780 |
0 |
0 |
|t Case reports in nephrology and urology
|x 1664-5510
|w (DLC) 2012243741
|w (OCoLC)818342439
|
| 850 |
|
|
|a DNLM
|
| 856 |
4 |
0 |
|z Full text available from Research Library: 01/01/2017 to present
|u https://search.proquest.com/publication/2047994
|